书目信息 |
| 题名: |
十月革命史
|
|
| 作者: | 孙成木 著 | |
| 分册: | ||
| 出版信息: | 北京 三联书店 1980 |
|
| 页数: | 351页 | |
| 开本: | 19cm | |
| 丛书名: | ||
| 单 册: | ||
| 中图分类: | K512.51 | |
| 科图分类: | ||
| 主题词: | 十月社会主义革命 | |
| 电子资源: | ||
| ISBN: | ||
| 000 | 00598nam0 2200229 45 | |
| 001 | 1241123903 | |
| 005 | 20121018153720.32 | |
| 010 | @dCNY0.84 | |
| 091 | @aCN@b11002.540 | |
| 100 | @a19950525d1980 em y0chiy0121 ea | |
| 101 | 0 | @achi |
| 102 | @aCN@b110000 | |
| 105 | @ay z 000yy | |
| 200 | 10 | @a十月革命史@Ashi yue ge ming shi@f孙成木等著@Fsun cheng mu deng zhu |
| 210 | @a北京@c三联书店@d1980 | |
| 215 | @a351页@d19cm | |
| 606 | @a十月社会主义革命 | |
| 690 | @aK512.51@v3 | |
| 701 | 0 | @a孙成木@Asun cheng mu@4著 |
| 801 | 0 | @aCN@bTSSF |
| 801 | 2 | @aCN@bNLC |
| 905 | @a10447@dK512.51@eJY57 | |
| 十月革命史/孙成木等著.-北京:三联书店,1980 |
| 351页;19cm |
| ISBN :CNY0.84 |
| ● |
| 相关链接 |
|
|
|
|
正题名:十月革命史
索取号:K512.51/JY57
 
预约/预借
| 序号 | 登录号 | 条形码 | 馆藏地/架位号 | 状态 | 备注 |
| 1 | 7832527 | 278325279 | 学院路分馆/ [索取号:K512.51/JY57] | 在馆 |